Leviatán.

Guardat en:
Dades bibliogràfiques
Autor principal: Hobbes, Thomas (autor)
Altres autors: Moya, Carlos (edición, introducción), Escohotado, Antonio (edición, traducción)
Format: Llibre
Idioma:espanyol
Publicat: Madrid, España: Nacional, 1979.
Col·lecció:Biblioteca de la Literatura y el Pensamiento Universales, 28.
Matèries:
Etiquetes: Afegir etiqueta
Sense etiquetes, Sigues el primer a etiquetar aquest registre!

MARC

LEADER 00000nam a2200000 a 4500
001 UCO4508
003 CL-VaPUC
005 20250313110308.0
008 000804e19790000SP |||||||||||||||||spa|d
999 |c 290542  |d 290540 
020 |a 84-276-0482-3 
040 |c Pontificia Universidad Católica de Valparaíso 
082 0 4 |a 320.101 HOB 1979   |2 21 
100 |a Hobbes, Thomas  |e autor  |9 223165 
245 1 0 |a Leviatán. 
260 |a Madrid, España:  |b Nacional,   |c 1979. 
300 |a 743 páginas.  
490 0 |a Biblioteca de la Literatura y el Pensamiento Universales, 28. 
500 |a c.2 Donación Familia Prof. Alejandro Guzmán Brito. 
583 |a last modification  |c 20000804 00:00:00  |k Rodrigo Vera 
650 0 |a Filosofía política  |9 295215 
650 0 |a Ciencias Políticas  |9 255201 
650 0 |a Sociología   |9 255410 
650 0 |a Doctrinas políticas  |9 255835 
700 |a Moya, Carlos  |9 461004  |e edición  |e introducción 
700 |a Escohotado, Antonio  |e edición  |e traducción  |9 865628 
942 |c BK  |2 ddc  |n 0 
945 |d 20000804 00:00:00  |a crobeson 
952 |0 0  |1 0  |4 0  |6 320_101000000000000_HOB_1979  |7 0  |8 A  |9 340046  |a BIBART  |b BIBART  |d 2019-11-20  |i 121361K  |o 320.101 HOB 1979  |p 121361K  |r 2025-03-13  |w 2019-11-20  |y BK  |k ART